000 00837nam a2200301 a 4500
001 vtls000082541
003 NLI
005 20210601194445.0
008 101125s1975 ii 000 0 eng
020 _cRs. 5.00
039 9 _y201011250901
_zVLOAD
040 0 _aNLI
_beng
_cEntertech-2003
_eAACR2
041 0 _aeng
044 _aii
082 0 4 _a108
100 1 _aRadhakrishnan, S.
_q(Sarvepalli),
_d1888-1975
_9170829
245 1 4 _aThe creative life /
_cS. Radhakrishnan
260 _aNew Delhi :
_bOrient Paperbacks,
_c1975
300 _a146 p. ;
_c18 cm.
650 0 _aLife
_94426
650 0 _aPhilosophical anthropology
_964976
650 0 _aPhilosophy
_9160
887 _a
901 _aDB30056
_b13.07.1976
902 _aE108 R118
949 _AVIRTUAITEM
_D10000
_X100
_6DBA000030056ENG
942 _2ddc
_cBKS
999 _aVIRTUA00
_c85633
_d85633